00857nam a2200217 a 450000100100000000500170001000800410002704000250006808200190009310000360011224501130014826000490026130000210031050000630033165000290039465000310042304900090045470000420046395201170050599900170062200002213220240412074250.0100917s1994 dr 000 j spa d aDO-SdBNPbspacBNPHU aRD863.44bE82d1 aEstrella Veloz, Santiago92898210aDonde mueren los pájaros y otras historias :bcuentos /cSantiago Estrella Veloz ; prólogo Lipe Collado. aSanto Domingo :bCollado & Asociados,c1994. a125 p. ;c22 cm. aIncluye datos biográficos del autor en la contraportada. 0aCuentos dominicanos9176 0aLiteratura dominicana.967 aBNPD1 aCollado, Lipe,d1947-epról.979819 0010718PDaPDbPDcCTd2010-09-17iLF1l0oRD863.44 E82dp22132-10r2020-06-25w2020-06-25yLFPDZNo se presta c21630d21630